Need for duty of care deeds (Record no. 7897)

MARC details
000 -LEADER
fixed length control field 01027cab a2200229 4500
001 - CONTROL NUMBER
control field ABS38776
008 - FIXED-LENGTH DATA ELEMENTS--GENERAL INFORMATION
fixed length control field 090401t1988 xxu||||| |||| 00| 0 eng d
035 ## - SYSTEM CONTROL NUMBER
System control number (Sirsi) u12351
041 ## - LANGUAGE CODE
Language code of text/sound track or separate title eng
100 ## - MAIN ENTRY--PERSONAL NAME
Personal name Burns, A.
245 ## - TITLE STATEMENT
Title Need for duty of care deeds
260 ## - PUBLICATION, DISTRIBUTION, ETC.
Date of publication, distribution, etc. 1988
350 ## - PRICE (NR) (BK AM CF MU VM SE) [OBSOLETE]
Price 0
490 ## - SERIES STATEMENT
Series statement Chartered Surveyor Weekly
Volume/sequential designation 22(8) 25 February 1988, 68(1)
520 ## - SUMMARY, ETC.
Summary, etc. Discusses liability of contractors and other members of the building team when inherent defects arise, quoting Post Office v Aquarius Properties Ltd , CA 18 December 1986, see Abstract 37415, D & F Estates and Others v The Church Commissioners and Others , CA 12 February 1987, (1987) CILL 324 and Ernst & Whinney v Willard Engineering (Dagenham) Ltd ; Ellis Mechanical Services Ltd and Steenson Varming Mulcahy and Partners , ORC 15 April 1987, see Abstract 38688.
650 ## - SUBJECT ADDED ENTRY--TOPICAL TERM
Topical term or geographic name entry element DEFECTS
650 ## - SUBJECT ADDED ENTRY--TOPICAL TERM
Topical term or geographic name entry element REPAIRING COVENANTS
690 ## - LOCAL SUBJECT ADDED ENTRY--TOPICAL TERM (OCLC, RLIN)
Topical term or geographic name as entry element BUILT ENVIRONMENT-BUILDING PATHOLOGY
700 ## - ADDED ENTRY--PERSONAL NAME
Personal name Watson, I.
942 ## - ADDED ENTRY ELEMENTS (KOHA)
Suppress in OPAC 0
948 ## - LOCAL PROCESSING INFORMATION (OCLC); SERIES PART DESIGNATOR (RLIN)
c (OCLC) 04/03/1997
Holdings
Withdrawn status Lost status Source of classification or shelving scheme Damaged status Not for loan Home library Current library Shelving location Date acquired Total Checkouts Full call number Barcode Date last seen Copy number Price effective from Koha item type
    Dewey Decimal Classification     London London Journal article 14/09/1999   ABS38776 12351-1001 06/08/2019 1 06/08/2019 Journal article